Statistics for Joanne Woodward Filmography

Click here to take the quiz!

General Stats

  • This quiz has been taken 7 times
    (2 since last reset)
  • The average score is 11 of 107

Answer Stats

TypeYearName% Correct
Film1990Mr. and Mrs. Bridge
100%
Film1968Rachel, Rachel
100%
Film1957The Three Faces of Eve
100%
Film1966A Big Hand for the Little Lady
50%
Film1956A Kiss Before Dying
50%
Film1963A New Kind of Love
50%
TV Film1981Crisis at Central High
50%
TV Film1985Do You Remember Love
50%
Film1984Harry & Son
50%
Film1957No Down Payment
50%
Film1961Paris Blues
50%
Film1958Rally Round the Flag, Boys!
50%
TV Film1978See How She Runs
50%
TV Mini-Series1976Sybil
50%
Film1972The Effect of Gamma Rays on Man-in-the-Moon Marigolds
50%
Film1958The Long, Hot Summer
50%
Film1963The Stripper
50%
Film1969Winning
50%
Film1970WUSA
50%
TV Film1978A Christmas to Remember
0%
Film1966A Fine Mandess
0%
TV Show1956Alfred Hitchcock Presents
0%
TV Film1971All the Way Home
0%
Short Film2011All the World
0%
Documentary Series1989, 1990, 1991, 2003American Masters
0%
Documentary Series1985An American Portrait
0%
Theater2000Ancestral Voices
0%
Documentary Series2010Andrew Young Presents
0%
TV Show1954Armstrong Circle Theatre
0%
TV Documentary1978A Salute to American Imagination
0%
Theater1964Baby Want a Kiss
0%
TV Film1993Blind Spot
0%
TV Film1994Breathing Lessons
0%
Theater1981-1982Candida
0%
TV Film1982Candida
0%
Film2010Change in the Wind
0%
TV Show1956Climax!
0%
TV Play1977Come Back, Little Sheba
0%
Film1955Count Three and Pray
0%
TV Show1954Danger
0%
TV Show1968, 1969Dee Time
0%
TV Mini-Series2005Empire Falls
0%
Commercial1998Environmental Defense Fund
0%
Film1996Even If a Hundred Ogres...
0%
TV Film1993Foreign Affairs
0%
TV Show1954, 1955, 1956Four Star Playhouse
0%
TV Documentary1980Fred Astaire: Change Partners and Dance
0%
TV Documentary1980Fred Astaire: Puttin' on His Top Hat
0%
Documentary Series2003Freedom: A History of US
0%
Film1960From the Terrace
0%
Film2012Gayby
0%
TV Show1956General Electric Theater
0%
Stage Director1987, 1995Golden Boy
0%
TV Show1953Goodyear Playhouse
0%
TV Documentary1983Hunger in the Promised Land
0%
Documentary2007Keepers of Eden
0%
TV Show1955, 1956Kraft Theatre
0%
Stage Director1997La Ronde
0%
Film2013Lucky Them
0%
TV Show1954Lux Video Theatre
0%
Documentary1996My Knees Were Jumping: Remembering the Kindertransports
0%
Documentary Series2004Nature
0%
TV Show1976NBC Special Treat
0%
TV Show1952-1955Omnibus
0%
Documentary2002Pale Male
0%
TV Film1984Passions
0%
Film1993Philadelphia
0%
Theater1953-1954Picnic
0%
TV Show1958Playhouse 90
0%
TV Show1954, 1955Ponds Theater
0%
TV Show1952, 1954Robert Montgomery Presents
0%
Stage Director1996Rocket to the Moon
0%
Film1965Signpost to Murder
0%
TV Show1955Star Tonight
0%
Documentary1984Strategic Trust: The Making of a Nuclear Free Palau
0%
TV Show1954, 1956Studio One
0%
Film1973Summer Wishes, Summer Dreams
0%
TV Show1952Tales of Tomorrow
0%
TV Show1955The 20th Century-Fox Hour
0%
Film1993The Age of Innocence
0%
TV Show1956The Alcoa Hour
0%
TV Show1968The Bell Telephone Hour
0%
Stage Director1998The Big Knife
0%
TV Show1976The Carol Burnett Show
0%
TV Show1966The Danny Kaye Show
0%
Film1975The Drowning Pool
0%
TV Show1958The Ed Sullivan Show
0%
TV Show1954The Elgin Hour
0%
Film1978The End
0%
TV Special1975The Film Society of Lincoln Center Annual Gala Tribute to Paul Newman and Joanne Woodward
0%
TV Show1954The Ford Television Theatre
0%
Film1960The Fugitive Kind
0%
Film1987The Glass Menagerie
0%
Theater1956The Lovers
0%
TV Show1967-1979The Mike Douglas Show
0%
TV Show1953, 1954The Philco Television Playhouse
0%
Short Documentary1980The Power to Change
0%
TV Documentary1993The Roots of Roe
0%
TV Film1980The Shadow Box
0%
TV Show1955The Star and the Story
0%
TV Film1979The Streets of L.A.
0%
TV Show1955The United States Steel Hour
0%
Theater1999The Waverly Gallery
0%
TV Show1954The Web
0%
Film1971They Might Be Giants
0%
Stage Director1997Waiting for Lefty
0%
TV Show1954You Are There
0%

Score Distribution

Percentile by Number Answered

Percent of People with Each Score

Your Score History

You have not taken this quiz since the last reset